000
00314nam a2200121 a 4500
005
20140414132101.0
008
100719s19uu xx 00 eng d
050
_a
M 001.64
_b
C73 2004
100
_a
BPB editorial board
245
_a
Computers made friendly.
260
_a
Delhi :
_b
BPB pub,
_c
2004.
999
_c
114476
_d
114476